Central Library OPAC University of Rajshahi

The revolution in Southeast Asia / (Record no. 64750)

MARC details
000 -LEADER
fixed length control field 00658nam a2200229 a 4500
001 - CONTROL NUMBER
control field 64750
003 - CONTROL NUMBER IDENTIFIER
rucl marc code BD-RjUL
005 - DATE AND TIME OF LATEST TRANSACTION
control field 20211209081339.0
008 - FIXED-LENGTH DATA ELEMENTS--GENERAL INFORMATION
fixed length control field 170220s1962 enkb 001 0 eng d
035 ## - SYSTEM CONTROL NUMBER
System control number (BD-RjUL) 64880
040 ## - CATALOGING SOURCE
Original cataloging agency BD-RjUL
Transcribing agency BD-RjUL
Modifying agency BD-RjUL
Language of cataloging eng
041 ## - LANGUAGE CODE
Language code of text/sound track or separate title eng
082 ## - DEWEY DECIMAL CLASSIFICATION NUMBER
Edition number 23
Classification number 959
Author mark and year PUR 1962
100 1# - MAIN ENTRY--PERSONAL NAME
Personal name Purcell, Victor,
Dates associated with a name 1896-1965.
9 (RLIN) 191964
245 14 - TITLE STATEMENT
Title The revolution in Southeast Asia /
260 ## - PUBLICATION, DISTRIBUTION, ETC. (IMPRINT)
Place of publication, distribution, etc. London :
Name of publisher, distributor, etc. Thames and Hudson
Date of publication, distribution, etc. c1962
300 ## - PHYSICAL DESCRIPTION
Pagination 199 p. :
Illustrations ill. ;
Size 21 cm.
500 ## - GENERAL NOTE
General note Includes Index.
650 ## - SUBJECT ADDED ENTRY--TOPICAL TERM
Topical term or geographic name as entry element Southeast Asia
General subdivision History.
9 (RLIN) 191965
651 #0 - SUBJECT ADDED ENTRY--GEOGRAPHIC NAME
Geographic name Southeast Asia
General subdivision History.
9 (RLIN) 191965
942 ## - ADDED ENTRY ELEMENTS (KOHA)
Source of classification or shelving scheme Dewey Decimal Classification
Koha item type Books
Holdings
Lost status Source of classification or shelving scheme Damaged status Not for loan Collection code Permanent Location Current Location Shelving location Date acquired Cost, normal purchase price Total Checkouts Full call number Date last seen Copy number Koha item type
  Dewey Decimal Classification   Not For Loan Non-fiction Central Library, University of Rajshahi Central Library, University of Rajshahi Reading Room 22/02/1964 21.00   959 PUR 1962 20/02/2017 C-1 Books